[Event "Chess-to-Remember 2016"]
[Site "ACC"]
[Date "2016.09.25"]
[Round "1.1"]
[White "Bareev, Evgeny"]
[Black "Cormier, Adam"]
[Result "1-0"]
[BlackElo "2200"]
[WhiteElo "2708"]
[LiveChessVersion "1.4.8"]

1. g3 {[%clk 0:25:07]} g6 {[%clk 0:25:03]} 2. Bg2 {[%clk 0:25:09]} Bg7
{[%clk 0:25:04]} 3. d4 {[%clk 0:25:11]} d5 {[%clk 0:24:58]} 4. Nf3
{[%clk 0:25:09]} Nf6 {[%clk 0:24:57]} 5. O-O {[%clk 0:25:08]} O-O
{[%clk 0:24:56]} 6. c4 {[%clk 0:25:13]} c6 {[%clk 0:24:55]} 7. Qb3
{[%clk 0:25:12]} a5 {[%clk 0:24:25]} 8. cxd5 {[%clk 0:24:43]} cxd5
{[%clk 0:24:22]} 9. Nc3 {[%clk 0:24:42]} Nc6 {[%clk 0:23:52]} 10. e3
{[%clk 0:22:30]} e6 {[%clk 0:23:24]} 11. Rd1 {[%clk 0:21:58]} Qe7
{[%clk 0:22:10]} 12. Bd2 {[%clk 0:21:58]} Bd7 {[%clk 0:21:51]} 13. Be1
{[%clk 0:19:11]} a4 {[%clk 0:20:26]} 14. Nxa4 {[%clk 0:18:52]} Na5
{[%clk 0:17:57]} 15. Bxa5 {[%clk 0:18:54]} Rxa5 {[%clk 0:17:57]} 16. Nc5
{[%clk 0:18:55]} Bc6 {[%clk 0:17:42]} 17. Ne5 {[%clk 0:18:48]} Rb5
{[%clk 0:17:09]} 18. Qc3 {[%clk 0:18:05]} Ra8 {[%clk 0:15:57]} 19. b4
{[%clk 0:17:17]} Be8 {[%clk 0:15:35]} 20. a4 {[%clk 0:17:12]} Rb6
{[%clk 0:15:34]} 21. Qb3 {[%clk 0:16:05]} Ne4 {[%clk 0:14:23]} 22. Bxe4
{[%clk 0:15:59]} Bxe5 {[%clk 0:14:18]} 23. a5 {[%clk 0:14:29]} dxe4
{[%clk 0:12:52]} 24. axb6 {[%clk 0:14:30]} Rxa1 {[%clk 0:12:41]} 25. Rxa1
{[%clk 0:14:32]} Bd6 {[%clk 0:12:35]} 26. Ra8 {[%clk 0:13:24]} Kg7
{[%clk 0:12:07]} 27. Qc3 {[%clk 0:13:23]} e5 {[%clk 0:11:51]} 28. d5
{[%clk 0:10:43]} Bb5 {[%clk 0:11:32]} 29. Nxe4 {[%clk 0:10:27]} Bxb4
{[%clk 0:10:25]} 30. Qc7 {[%clk 0:10:04]} f5 {[%clk 0:09:53]} 31. d6
{[%clk 0:09:14]} Qd7 {[%clk 0:09:42]} 32. Rd8 1-0

[Event "Chess-to-Remember 2016"]
[Site "ACC"]
[Date "2016.09.25"]
[Round "1.4"]
[White "Zotkin, Daniel"]
[Black "Thavandiran, Shiyam"]
[Result "0-1"]
[BlackElo "2474"]
[WhiteElo "2171"]
[LiveChessVersion "1.4.8"]

1. e4 {[%clk 0:25:07]} e6 {[%clk 0:25:06]} 2. d4 {[%clk 0:25:08]} d5
{[%clk 0:25:07]} 3. Nc3 {[%clk 0:25:09]} Nf6 {[%clk 0:25:08]} 4. Bg5
{[%clk 0:25:08]} dxe4 {[%clk 0:24:30]} 5. Nxe4 {[%clk 0:24:48]} Be7
{[%clk 0:24:30]} 6. Bxf6 {[%clk 0:24:45]} Bxf6 {[%clk 0:24:29]} 7. Nf3
{[%clk 0:24:09]} Nd7 {[%clk 0:24:22]} 8. Bd3 {[%clk 0:23:01]} c5 {[%clk 0:22:38]}
9. Nd6+ {[%clk 0:19:54]} Ke7 {[%clk 0:22:25]} 10. Nxc8+ {[%clk 0:19:38]} Rxc8
{[%clk 0:22:23]} 11. c3 {[%clk 0:15:21]} cxd4 {[%clk 0:21:39]} 12. cxd4
{[%clk 0:14:38]} Qa5+ {[%clk 0:19:25]} 13. Qd2 {[%clk 0:13:42]} Qxd2+
{[%clk 0:19:23]} 14. Kxd2 {[%clk 0:13:45]} g5 {[%clk 0:18:28]} 15. g4
{[%clk 0:12:21]} h5 {[%clk 0:18:21]} 16. h3 {[%clk 0:11:04]} Nb6 {[%clk 0:17:26]}
17. Rhc1 {[%clk 0:07:58]} Kd6 {[%clk 0:16:17]} 18. b3 {[%clk 0:07:12]} Nd5
{[%clk 0:14:09]} 19. Be4 {[%clk 0:05:47]} Nf4 {[%clk 0:11:13]} 20. h4
{[%clk 0:04:54]} hxg4 {[%clk 0:05:13]} 21. hxg5 {[%clk 0:03:13]} Bg7
{[%clk 0:04:36]} 22. Ne5 {[%clk 0:02:55]} Bxe5 {[%clk 0:04:26]} 23. dxe5+
{[%clk 0:02:56]} Kxe5 {[%clk 0:04:29]} 24. Rxc8 {[%clk 0:01:42]} Rxc8
{[%clk 0:04:32]} 25. Re1 {[%clk 0:01:45]} Rc7 {[%clk 0:03:14]} 26. g6
{[%clk 0:01:15]} f5 {[%clk 0:02:27]} 27. Bxb7+ {[%clk 0:00:44]} Kf6
{[%clk 0:02:30]} 28. Ba6 {[%clk 0:00:34]} Nxg6 {[%clk 0:02:28]} 29. Bc4
{[%clk 0:00:32]} e5 {[%clk 0:02:13]} 30. Kc3 {[%clk 0:00:30]} Nf4
{[%clk 0:01:52]} 31. Rd1 {[%clk 0:00:23]} Nh3 {[%clk 0:01:42]} 32. Rd6+
{[%clk 0:00:21]} Kg5 {[%clk 0:01:45]} 33. Rd2 {[%clk 0:00:21]} Kf4
{[%clk 0:01:17]} 34. Kb2 {[%clk 0:00:18]} e4 {[%clk 0:01:10]} 35. a3
{[%clk 0:00:15]} Kf3 {[%clk 0:00:44]} 36. Be6 {[%clk 0:00:11]} Rc5
{[%clk 0:00:36]} 37. b4 Re5 {[%clk 0:00:39]} 38. Bc4 {[%clk 0:00:12]} Nxf2
{[%clk 0:00:41]} 39. Be2+ {[%clk 0:00:16]} Ke3 {[%clk 0:00:43]} 40. Rc2
{[%clk 0:00:20]} g3 {[%clk 0:00:38]} 41. Bf1 {[%clk 0:00:24]} Nd3+
{[%clk 0:00:31]} 42. Kb1 {[%clk 0:00:18]} f4 {[%clk 0:00:33]} 43. Re2+
{[%clk 0:00:14]} Kd4 {[%clk 0:00:36]} 44. Rd2 {[%clk 0:00:13]} Rh5
{[%clk 0:00:30]} 45. Kc2 {[%clk 0:00:12]} Rh2 {[%clk 0:00:33]} 0-1

[Event "Chess-to-Remember 2016"]
[Site "ACC"]
[Date "2016.09.25"]
[Round "1.5"]
[White "Yang, Kaiqi"]
[Black "Aniunoh, Chike (jude)"]
[Result "1-0"]
[BlackElo "2141"]
[WhiteElo "2418"]
[LiveChessVersion "1.4.8"]

1. e4 {[%clk 0:25:07]} e6 {[%clk 0:25:07]} 2. d4 {[%clk 0:25:09]} d5
{[%clk 0:25:08]} 3. Nc3 {[%clk 0:25:11]} Be7 {[%clk 0:24:59]} 4. Nf3
{[%clk 0:25:00]} Nf6 {[%clk 0:24:54]} 5. Bd3 {[%clk 0:24:56]} O-O
{[%clk 0:24:20]} 6. h4 {[%clk 0:23:54]} dxe4 {[%clk 0:23:05]} 7. Nxe4
{[%clk 0:23:57]} Nbd7 {[%clk 0:22:05]} 8. Qe2 {[%clk 0:23:22]} Nxe4
{[%clk 0:21:41]} 9. Qxe4 {[%clk 0:23:19]} Nf6 {[%clk 0:21:45]} 10. Qe2
{[%clk 0:23:17]} c5 {[%clk 0:19:53]} 11. dxc5 {[%clk 0:22:25]} Qa5+
{[%clk 0:19:31]} 12. Bd2 {[%clk 0:21:54]} Qxc5 {[%clk 0:19:33]} 13. Bc3
{[%clk 0:20:22]} Qh5 {[%clk 0:15:37]} 14. O-O-O {[%clk 0:16:31]} Nd5
{[%clk 0:13:52]} 15. Be5 {[%clk 0:15:42]} Bf6 {[%clk 0:11:20]} 16. g4
{[%clk 0:11:52]} Qxg4 {[%clk 0:09:14]} 17. Rdg1 {[%clk 0:10:22]} Qh5
{[%clk 0:08:03]} 18. Bxf6 {[%clk 0:09:15]} Nxf6 {[%clk 0:08:06]} 19. Rg5
{[%clk 0:09:08]} Qh6 {[%clk 0:08:06]} 20. Kb1 {[%clk 0:08:35]} Bd7
{[%clk 0:07:01]} 21. Ne5 {[%clk 0:06:17]} g6 {[%clk 0:04:44]} 22. Qe3
{[%clk 0:03:46]} Kh8 {[%clk 0:02:14]} 23. Qd4 {[%clk 0:02:53]} Qg7
{[%clk 0:01:40]} 24. Nxd7 {[%clk 0:02:48]} Rfd8 {[%clk 0:01:42]} 25. Qxf6
{[%clk 0:02:48]} 1-0

[Event "Chess-to-Remember 2016"]
[Site "ACC"]
[Date "2016.09.27"]
[Round "2.1"]
[White "Plotkin, Victor"]
[Black "Bareev, Evgeny"]
[Result "0-1"]
[BlackElo "2708"]
[WhiteElo "2403"]
[LiveChessVersion "1.4.8"]

1. e4 {[%clk 0:25:08]} c6 {[%clk 0:25:04]} 2. Nc3 {[%clk 0:25:06]} d5
{[%clk 0:25:08]} 3. Nf3 {[%clk 0:24:32]} Nf6 {[%clk 0:25:10]} 4. e5
{[%clk 0:23:35]} Ne4 {[%clk 0:25:14]} 5. d4 {[%clk 0:23:06]} c5 {[%clk 0:24:10]}
6. dxc5 {[%clk 0:21:42]} Nxc3 {[%clk 0:24:12]} 7. bxc3 {[%clk 0:21:41]} Nc6
{[%clk 0:24:10]} 8. c4 {[%clk 0:20:46]} d4 {[%clk 0:23:37]} 9. Bd3
{[%clk 0:19:45]} e6 {[%clk 0:23:13]} 10. O-O {[%clk 0:19:25]} Bxc5
{[%clk 0:23:11]} 11. Qe2 {[%clk 0:19:03]} b6 {[%clk 0:22:41]} 12. Ng5
{[%clk 0:18:25]} Qc7 {[%clk 0:21:38]} 13. f4 {[%clk 0:17:40]} Bb7
{[%clk 0:16:46]} 14. Qh5 {[%clk 0:16:17]} g6 {[%clk 0:16:20]} 15. Qh6
{[%clk 0:14:37]} Bf8 {[%clk 0:14:26]} 16. Qh3 {[%clk 0:13:06]} Be7
{[%clk 0:13:59]} 17. Ne4 {[%clk 0:09:31]} Na5 {[%clk 0:11:49]} 18. Nf6+
{[%clk 0:08:13]} Bxf6 {[%clk 0:11:51]} 19. exf6 {[%clk 0:08:17]} Nxc4
{[%clk 0:11:49]} 20. f5 {[%clk 0:07:49]} gxf5 {[%clk 0:11:42]} 21. Bf4
{[%clk 0:07:35]} Qc6 {[%clk 0:11:40]} 22. Bxf5 {[%clk 0:06:50]} Rg8
{[%clk 0:08:39]} 23. Rf2 {[%clk 0:06:11]} Ne3 {[%clk 0:08:38]} 24. Bxe3
{[%clk 0:04:53]} dxe3 {[%clk 0:08:41]} 25. Re2 {[%clk 0:04:48]} O-O-O
{[%clk 0:08:36]} 26. Bd3 {[%clk 0:04:40]} Rd4 {[%clk 0:08:29]} 27. Qxe3
{[%clk 0:03:43]} Rxg2+ {[%clk 0:07:55]} 28. Kf1 {[%clk 0:03:47]} Rgg4
{[%clk 0:07:42]} 29. Ke1 {[%clk 0:01:54]} Qc3+ 0-1

[Event "Chess-to-Remember 2016"]
[Site "ACC"]
[Date "2016.09.27"]
[Round "2.4"]
[White "Thavandiran, Shiyam"]
[Black "Bellissimo, Joseph"]
[Result "1/2-1/2"]
[BlackElo "2252"]
[WhiteElo "2474"]
[LiveChessVersion "1.4.8"]

1. e4 {[%clk 0:25:08]} e6 {[%clk 0:25:09]} 2. d4 {[%clk 0:25:11]} d5
{[%clk 0:25:13]} 3. Nc3 {[%clk 0:25:14]} dxe4 {[%clk 0:25:15]} 4. Nxe4
{[%clk 0:25:17]} Bd7 {[%clk 0:25:19]} 5. Nf3 {[%clk 0:25:00]} Bc6
{[%clk 0:25:22]} 6. Ng3 {[%clk 0:24:42]} Nf6 {[%clk 0:24:33]} 7. Ne5
{[%clk 0:21:26]} Bd6 {[%clk 0:21:37]} 8. Nxc6 {[%clk 0:21:24]} Nxc6
{[%clk 0:21:40]} 9. c3 {[%clk 0:21:00]} O-O {[%clk 0:21:13]} 10. Be2
{[%clk 0:20:58]} h6 {[%clk 0:19:44]} 11. O-O {[%clk 0:21:00]} Ne7
{[%clk 0:19:06]} 12. Qb3 {[%clk 0:20:51]} Rb8 {[%clk 0:17:41]} 13. Re1
{[%clk 0:19:05]} c6 {[%clk 0:14:34]} 14. Nf1 {[%clk 0:16:48]} Nf5
{[%clk 0:12:04]} 15. g3 {[%clk 0:16:39]} b5 {[%clk 0:10:53]} 16. Ne3
{[%clk 0:13:27]} Nxe3 {[%clk 0:09:43]} 17. Bxe3 {[%clk 0:13:27]} Nd5
{[%clk 0:09:36]} 18. Bd2 {[%clk 0:13:22]} c5 {[%clk 0:07:58]} 19. dxc5
{[%clk 0:11:14]} Bxc5 {[%clk 0:08:02]} 20. Bf3 {[%clk 0:11:05]} Qf6
{[%clk 0:06:25]} 21. Kg2 {[%clk 0:11:08]} Rfd8 {[%clk 0:06:29]} 22. Rad1
{[%clk 0:10:57]} Rb6 {[%clk 0:04:00]} 23. Bc1 {[%clk 0:09:02]} Rbd6
{[%clk 0:02:42]} 24. Qxb5 {[%clk 0:04:45]} Nxc3 {[%clk 0:02:39]} 25. bxc3
{[%clk 0:04:48]} Rxd1 {[%clk 0:02:40]} 26. Rxd1 {[%clk 0:04:51]} Rxd1
{[%clk 0:02:39]} 27. Bxd1 {[%clk 0:04:53]} Qxf2+ {[%clk 0:02:41]} 28. Kh3
{[%clk 0:04:56]} h5 {[%clk 0:01:33]} 29. Bxh5 {[%clk 0:04:32]} Qf5+
{[%clk 0:01:33]} 30. Bg4 {[%clk 0:04:34]} Qh7+ {[%clk 0:01:36]} 31. Kg2
{[%clk 0:04:37]} Qe4+ {[%clk 0:01:31]} 32. Bf3 {[%clk 0:04:07]} Qc2+
{[%clk 0:01:33]} 33. Be2 {[%clk 0:04:10]} Qe4+ {[%clk 0:01:37]} 34. Kh3
{[%clk 0:02:44]} Qh7+ {[%clk 0:01:40]} 35. Kg2 {[%clk 0:02:43]} Qe4+
{[%clk 0:01:44]} 36. Kh3 {[%clk 0:01:15]} Qh7+ {[%clk 0:01:48]} 1/2-1/2

[Event "Chess-to-Remember 2016"]
[Site "ACC"]
[Date "2016.09.27"]
[Round "3.1"]
[White "Bareev, Evgeny"]
[Black "Zhang, Yuanchen"]
[Result "1-0"]
[BlackElo "2323"]
[WhiteElo "2708"]
[LiveChessVersion "1.4.8"]

1. c4 {[%clk 0:25:05]} Nf6 {[%clk 0:25:06]} 2. Nc3 {[%clk 0:25:05]} e6
{[%clk 0:24:42]} 3. Nf3 {[%clk 0:24:58]} d5 {[%clk 0:24:34]} 4. d4
{[%clk 0:25:00]} c5 {[%clk 0:24:10]} 5. cxd5 {[%clk 0:25:02]} Nxd5
{[%clk 0:23:59]} 6. e4 {[%clk 0:25:01]} Nxc3 {[%clk 0:24:02]} 7. bxc3
{[%clk 0:25:04]} cxd4 {[%clk 0:24:06]} 8. cxd4 {[%clk 0:25:08]} Bb4+
{[%clk 0:24:10]} 9. Bd2 {[%clk 0:25:12]} Bxd2+ {[%clk 0:24:13]} 10. Qxd2
{[%clk 0:25:16]} O-O {[%clk 0:23:47]} 11. Bc4 {[%clk 0:25:09]} b6
{[%clk 0:23:41]} 12. O-O {[%clk 0:25:12]} Bb7 {[%clk 0:23:44]} 13. Rfe1
{[%clk 0:25:14]} Nd7 {[%clk 0:23:09]} 14. Rad1 {[%clk 0:23:01]} Nf6
{[%clk 0:21:56]} 15. Bd3 {[%clk 0:22:26]} h6 {[%clk 0:21:33]} 16. Qf4
{[%clk 0:22:21]} Rc8 {[%clk 0:20:46]} 17. d5 {[%clk 0:22:11]} exd5
{[%clk 0:19:44]} 18. e5 {[%clk 0:21:57]} Nd7 {[%clk 0:19:47]} 19. Qf5
{[%clk 0:14:59]} g6 {[%clk 0:19:50]} 20. Qh3 {[%clk 0:15:03]} Kg7
{[%clk 0:19:13]} 21. e6 {[%clk 0:15:05]} fxe6 {[%clk 0:18:41]} 22. Rxe6
{[%clk 0:15:07]} Rf6 {[%clk 0:18:22]} 23. Rde1 {[%clk 0:14:47]} Rxe6
{[%clk 0:14:23]} 24. Qxe6 {[%clk 0:14:37]} Nf6 {[%clk 0:14:20]} 25. Qe7+
{[%clk 0:14:18]} Qxe7 {[%clk 0:14:10]} 26. Rxe7+ {[%clk 0:14:22]} Kf8
{[%clk 0:14:14]} 27. Rxb7 {[%clk 0:14:25]} Rc1+ {[%clk 0:14:17]} 28. Bf1
{[%clk 0:14:29]} Ne4 {[%clk 0:14:21]} 29. Rxa7 {[%clk 0:13:39]} Nc3
{[%clk 0:14:17]} 30. g3 {[%clk 0:13:26]} 1-0

[Event "Chess-to-Remember 2016"]
[Site "ACC"]
[Date "2016.09.27"]
[Round "3.3"]
[White "Ivanov, Mikhail"]
[Black "Thavandiran, Shiyam"]
[Result "0-1"]
[BlackElo "2474"]
[WhiteElo "2385"]
[LiveChessVersion "1.4.8"]

1. e4 {[%clk 0:25:07]} e6 {[%clk 0:25:09]} 2. d4 {[%clk 0:24:45]} d5
{[%clk 0:25:12]} 3. Nc3 {[%clk 0:24:47]} Nf6 {[%clk 0:25:13]} 4. Bg5
{[%clk 0:24:46]} dxe4 {[%clk 0:25:14]} 5. Nxe4 {[%clk 0:24:42]} Be7
{[%clk 0:25:17]} 6. Bxf6 {[%clk 0:24:42]} Bxf6 {[%clk 0:25:20]} 7. Nf3
{[%clk 0:24:28]} Nd7 {[%clk 0:25:23]} 8. Bd3 {[%clk 0:24:12]} c5 {[%clk 0:25:26]}
9. Qd2 {[%clk 0:17:36]} O-O {[%clk 0:23:02]} 10. h4 {[%clk 0:15:38]} cxd4
{[%clk 0:22:38]} 11. O-O-O {[%clk 0:14:26]} b6 {[%clk 0:14:52]} 12. Nfg5
{[%clk 0:12:05]} h6 {[%clk 0:13:13]} 13. Nh7 {[%clk 0:11:46]} Re8
{[%clk 0:10:01]} 14. Nd6 {[%clk 0:10:22]} Re7 {[%clk 0:10:02]} 15. Qf4
{[%clk 0:09:56]} Be5 {[%clk 0:08:18]} 16. Qe4 {[%clk 0:09:48]} Bxd6
{[%clk 0:08:21]} 17. Ng5 {[%clk 0:07:47]} Nf6 {[%clk 0:06:57]} 18. Qxa8
{[%clk 0:07:26]} hxg5 {[%clk 0:06:48]} 19. hxg5 {[%clk 0:06:55]} Bf4+
{[%clk 0:06:36]} 20. Kb1 {[%clk 0:06:58]} Bxg5 {[%clk 0:06:39]} 21. Qf3
{[%clk 0:05:52]} e5 {[%clk 0:05:29]} 22. Qg3 {[%clk 0:05:39]} Bf4
{[%clk 0:05:29]} 23. Qh4 {[%clk 0:05:25]} Bh6 {[%clk 0:05:22]} 24. g4
{[%clk 0:03:02]} Bxg4 {[%clk 0:04:32]} 25. Rdg1 {[%clk 0:03:04]} Kf8
{[%clk 0:04:32]} 26. Rxg4 {[%clk 0:02:48]} Nxg4 {[%clk 0:04:34]} 27. Qxg4
{[%clk 0:02:50]} Re6 {[%clk 0:02:38]} 28. Qe4 {[%clk 0:02:42]} Qf6
{[%clk 0:02:19]} 29. Qa8+ {[%clk 0:01:41]} Re8 {[%clk 0:02:22]} 30. Qxa7
{[%clk 0:01:44]} e4 {[%clk 0:02:24]} 31. Bb5 {[%clk 0:01:41]} Rd8
{[%clk 0:01:32]} 32. Qb7 {[%clk 0:01:37]} d3 {[%clk 0:01:13]} 33. cxd3
{[%clk 0:01:34]} exd3 {[%clk 0:01:16]} 34. Qe4 {[%clk 0:01:25]} d2
{[%clk 0:00:50]} 35. Bd3 {[%clk 0:00:53]} Qxf2 {[%clk 0:00:39]} 36. Rd1
{[%clk 0:00:23]} Qc5 {[%clk 0:00:24]} 37. Bc2 {[%clk 0:00:24]} g6
{[%clk 0:00:21]} 38. Qf3 {[%clk 0:00:27]} Kg8 {[%clk 0:04:04]} 39. Rh1
{[%clk 0:00:28]} Kg7 {[%clk 0:00:12]} 40. Qh3 {[%clk 0:00:13]} d1=Q+
{[%clk 0:00:15]} 0-1

[Event "Chess-to-Remember 2016"]
[Site "ACC"]
[Date "2016.09.27"]
[Round "3.4"]
[White "Bellissimo, Joseph"]
[Black "Plotkin, Victor"]
[Result "1-0"]
[BlackElo "2403"]
[WhiteElo "2252"]
[LiveChessVersion "1.4.8"]

1. e4 {[%clk 0:25:07]} e5 {[%clk 0:25:06]} 2. Nf3 {[%clk 0:25:10]} Nf6
{[%clk 0:25:09]} 3. Nxe5 {[%clk 0:25:12]} d6 {[%clk 0:24:59]} 4. Nf3
{[%clk 0:25:11]} Nxe4 {[%clk 0:25:01]} 5. Nc3 {[%clk 0:25:14]} Nxc3
{[%clk 0:25:02]} 6. dxc3 {[%clk 0:25:18]} Be7 {[%clk 0:25:05]} 7. Be3
{[%clk 0:25:07]} Nc6 {[%clk 0:25:00]} 8. Qd2 {[%clk 0:24:36]} Be6
{[%clk 0:24:46]} 9. O-O-O {[%clk 0:24:04]} Qd7 {[%clk 0:24:18]} 10. h3
{[%clk 0:22:35]} Ne5 {[%clk 0:22:11]} 11. b3 {[%clk 0:16:04]} Nxf3
{[%clk 0:22:01]} 12. gxf3 {[%clk 0:16:06]} Bf6 {[%clk 0:18:24]} 13. Bd4
{[%clk 0:15:12]} Bxd4 {[%clk 0:16:23]} 14. Qxd4 {[%clk 0:15:15]} O-O
{[%clk 0:14:02]} 15. Rg1 {[%clk 0:14:57]} f5 {[%clk 0:13:19]} 16. Re1
{[%clk 0:13:44]} Rf7 {[%clk 0:12:31]} 17. Rxe6 {[%clk 0:08:39]} Qxe6
{[%clk 0:12:34]} 18. Bc4 {[%clk 0:08:43]} Qh6+ {[%clk 0:11:59]} 19. Kb2
{[%clk 0:08:46]} Re8 {[%clk 0:10:55]} 20. Qd5 {[%clk 0:07:06]} Ree7
{[%clk 0:07:52]} 21. Re1 {[%clk 0:06:57]} Qf6 {[%clk 0:05:08]} 22. Qxf7+
{[%clk 0:07:00]} 1-0

[Event "Chess-to-Remember 2016"]
[Site "ACC"]
[Date "2016.09.27"]
[Round "4.1"]
[White "Yang, Kaiqi"]
[Black "Bareev, Evgeny"]
[Result "0-1"]
[BlackElo "2708"]
[WhiteElo "2418"]
[LiveChessVersion "1.4.8"]

1. e4 {[%clk 0:25:08]} c6 {[%clk 0:25:12]} 2. d4 {[%clk 0:25:12]} d5
{[%clk 0:25:16]} 3. exd5 {[%clk 0:25:15]} cxd5 {[%clk 0:25:20]} 4. Bd3
{[%clk 0:25:19]} Nc6 {[%clk 0:25:08]} 5. c3 {[%clk 0:25:23]} Nf6 {[%clk 0:25:04]}
6. Bf4 {[%clk 0:25:21]} Bg4 {[%clk 0:24:42]} 7. Qb3 {[%clk 0:25:25]} Qc8
{[%clk 0:23:54]} 8. Nd2 {[%clk 0:25:28]} e6 {[%clk 0:23:51]} 9. Ngf3
{[%clk 0:25:32]} Be7 {[%clk 0:23:50]} 10. O-O {[%clk 0:25:34]} Bh5
{[%clk 0:23:45]} 11. Ne5 {[%clk 0:23:50]} O-O {[%clk 0:23:43]} 12. Qc2
{[%clk 0:23:32]} Bg6 {[%clk 0:23:36]} 13. Nxg6 {[%clk 0:23:32]} hxg6
{[%clk 0:23:40]} 14. Nf3 {[%clk 0:23:18]} a6 {[%clk 0:23:38]} 15. a4
{[%clk 0:21:45]} Qd7 {[%clk 0:21:26]} 16. Rfe1 {[%clk 0:21:27]} Rac8
{[%clk 0:21:27]} 17. Qd1 {[%clk 0:19:38]} Rfd8 {[%clk 0:19:23]} 18. Ng5
{[%clk 0:18:05]} Nh5 {[%clk 0:16:01]} 19. Bd2 {[%clk 0:18:00]} Bxg5
{[%clk 0:13:48]} 20. Bxg5 {[%clk 0:18:03]} Re8 {[%clk 0:13:52]} 21. Qg4
{[%clk 0:16:56]} Qd6 {[%clk 0:12:54]} 22. Re3 {[%clk 0:15:39]} e5
{[%clk 0:12:35]} 23. dxe5 {[%clk 0:15:35]} Nxe5 {[%clk 0:12:36]} 24. Qe2
{[%clk 0:15:01]} Re6 {[%clk 0:12:40]} 25. g4 {[%clk 0:09:45]} Nf6
{[%clk 0:11:07]} 26. Bxf6 {[%clk 0:07:38]} gxf6 {[%clk 0:11:08]} 27. Re1
{[%clk 0:06:33]} Rce8 {[%clk 0:09:34]} 28. h3 {[%clk 0:06:06]} Kg7
{[%clk 0:09:01]} 29. Qd1 {[%clk 0:03:39]} d4 {[%clk 0:08:29]} 30. cxd4
{[%clk 0:03:40]} Qxd4 {[%clk 0:08:27]} 31. Bf1 {[%clk 0:03:21]} Qxb2
{[%clk 0:07:43]} 32. Bg2 {[%clk 0:02:44]} R6e7 33. Qb1 {[%clk 0:01:02]} Qd4
{[%clk 0:04:47]} 34. a5 {[%clk 0:00:58]} Qd2 {[%clk 0:04:13]} 35. Qa1
{[%clk 0:00:11]} g5 {[%clk 0:03:15]} 36. Rd1 {[%clk 0:00:11]} Qc2
{[%clk 0:02:04]} 37. Rd6 {[%clk 0:00:15]} Qc5 {[%clk 0:01:04]} 38. Rb6
{[%clk 0:00:14]} Nc6 {[%clk 0:01:00]} 39. Rxe7 {[%clk 0:00:11]} Rxe7
{[%clk 0:01:03]} 40. Bxc6 {[%clk 0:00:12]} bxc6 {[%clk 0:01:06]} 41. Rxa6
{[%clk 0:00:11]} Re2 {[%clk 0:01:10]} 42. Qf1 {[%clk 0:00:11]} Qe5
{[%clk 0:00:50]} 43. Kg2 {[%clk 0:00:13]} Qe4+ {[%clk 0:00:51]} 44. Kg3
{[%clk 0:00:15]} Re1 {[%clk 0:00:42]} 0-1

[Event "Chess-to-Remember 2016"]
[Site "ACC"]
[Date "2016.09.27"]
[Round "4.3"]
[White "Zhang, Yuanchen"]
[Black "Bellissimo, Joseph"]
[Result "1/2-1/2"]
[BlackElo "2252"]
[WhiteElo "2323"]
[LiveChessVersion "1.4.8"]

1. e4 {[%clk 0:25:09]} e6 {[%clk 0:25:08]} 2. d4 {[%clk 0:25:12]} d5
{[%clk 0:25:12]} 3. Nc3 {[%clk 0:25:16]} dxe4 {[%clk 0:24:49]} 4. Nxe4
{[%clk 0:25:10]} Bd7 {[%clk 0:24:53]} 5. Nf3 {[%clk 0:25:01]} Bc6
{[%clk 0:24:57]} 6. Bd3 {[%clk 0:24:55]} Nd7 {[%clk 0:24:56]} 7. O-O
{[%clk 0:24:49]} Ngf6 {[%clk 0:25:00]} 8. Qe2 {[%clk 0:24:51]} Nxe4
{[%clk 0:24:46]} 9. Bxe4 {[%clk 0:24:54]} Bxe4 {[%clk 0:24:50]} 10. Qxe4
{[%clk 0:24:57]} c6 {[%clk 0:24:54]} 11. Bf4 {[%clk 0:24:43]} Nf6
{[%clk 0:24:53]} 12. Qd3 {[%clk 0:24:41]} Bd6 {[%clk 0:20:41]} 13. Bxd6
{[%clk 0:23:54]} Qxd6 {[%clk 0:20:44]} 14. Qb3 {[%clk 0:23:56]} O-O
{[%clk 0:19:41]} 15. a4 {[%clk 0:23:35]} Nd5 {[%clk 0:17:13]} 16. a5
{[%clk 0:21:15]} b6 {[%clk 0:14:03]} 17. a6 {[%clk 0:17:17]} c5 {[%clk 0:13:32]}
18. Rfd1 {[%clk 0:16:52]} Rfd8 {[%clk 0:12:37]} 19. dxc5 {[%clk 0:15:03]} Qxc5
{[%clk 0:12:38]} 20. Nd4 {[%clk 0:14:09]} Nf4 {[%clk 0:10:20]} 21. c3
{[%clk 0:13:22]} Qg5 {[%clk 0:09:57]} 22. g3 {[%clk 0:13:06]} Qg4
{[%clk 0:08:10]} 23. f3 {[%clk 0:11:45]} Qg5 {[%clk 0:07:43]} 24. Kh1
{[%clk 0:10:19]} Nh3 {[%clk 0:06:13]} 25. Kg2 {[%clk 0:09:12]} Nf4+
{[%clk 0:05:53]} 26. Kh1 {[%clk 0:07:52]} Nh3 {[%clk 0:05:57]} 27. Qc2
{[%clk 0:07:32]} e5 {[%clk 0:05:47]} 28. Nf5 {[%clk 0:07:07]} g6 {[%clk 0:05:00]}
29. Nd6 {[%clk 0:07:10]} Qf6 {[%clk 0:04:53]} 30. Qg2 {[%clk 0:06:00]} Rxd6
{[%clk 0:03:52]} 31. Rxd6 {[%clk 0:06:02]} Qxd6 {[%clk 0:03:56]} 32. Qxh3
{[%clk 0:06:06]} Qd3 {[%clk 0:03:48]} 33. Qf1 {[%clk 0:05:43]} Qc2
{[%clk 0:03:03]} 34. Qg2 {[%clk 0:05:26]} Qd3 {[%clk 0:03:05]} 35. Qf1
{[%clk 0:04:35]} Qc2 {[%clk 0:02:34]} 36. Qg2 {[%clk 0:03:50]} 1/2-1/2

[Event "Chess-to-Remember 2016"]
[Site "ACC"]
[Date "2016.09.27"]
[Round "5.1"]
[White "Bareev, Evgeny"]
[Black "Thavandiran, Shiyam"]
[Result "1-0"]
[BlackElo "2474"]
[WhiteElo "2708"]
[LiveChessVersion "1.4.8"]

1. g3 {[%clk 0:25:07]} e5 {[%clk 0:24:57]} 2. c4 {[%clk 0:25:10]} Nf6
{[%clk 0:25:00]} 3. Bg2 {[%clk 0:25:14]} h6 {[%clk 0:25:03]} 4. b3
{[%clk 0:25:13]} d5 {[%clk 0:24:55]} 5. cxd5 {[%clk 0:25:16]} Nxd5
{[%clk 0:24:58]} 6. Bb2 {[%clk 0:25:09]} Nc6 {[%clk 0:25:00]} 7. d3
{[%clk 0:24:50]} Be6 {[%clk 0:23:10]} 8. Nd2 {[%clk 0:24:43]} Qd7
{[%clk 0:22:41]} 9. Ngf3 {[%clk 0:24:35]} f6 {[%clk 0:22:43]} 10. O-O
{[%clk 0:24:29]} Bh3 {[%clk 0:19:43]} 11. Rc1 {[%clk 0:23:48]} O-O-O
{[%clk 0:16:35]} 12. Bxh3 {[%clk 0:22:41]} Qxh3 {[%clk 0:16:38]} 13. Rxc6
{[%clk 0:22:45]} bxc6 {[%clk 0:16:41]} 14. Qc2 {[%clk 0:22:38]} c5
{[%clk 0:15:29]} 15. Ne4 {[%clk 0:22:17]} Qd7 {[%clk 0:14:54]} 16. Nxc5
{[%clk 0:20:31]} Qc6 {[%clk 0:14:58]} 17. Ba3 {[%clk 0:20:28]} Nb6
{[%clk 0:15:00]} 18. b4 {[%clk 0:16:52]} Bxc5 {[%clk 0:12:43]} 19. bxc5
{[%clk 0:16:56]} Qa4 {[%clk 0:12:45]} 20. Qxa4 {[%clk 0:15:16]} Nxa4
{[%clk 0:12:49]} 21. Rc1 {[%clk 0:15:20]} Rd4 {[%clk 0:10:38]} 22. Nxd4
{[%clk 0:14:44]} exd4 {[%clk 0:10:42]} 23. Rc4 {[%clk 0:14:34]} Nc3
{[%clk 0:10:44]} 24. Kf1 {[%clk 0:14:37]} Re8 {[%clk 0:09:11]} 25. Rxd4
{[%clk 0:12:22]} Rxe2 {[%clk 0:07:35]} 26. Rc4 {[%clk 0:12:24]} Rc2
{[%clk 0:07:39]} 27. Kg2 {[%clk 0:12:26]} a5 {[%clk 0:07:29]} 28. c6
{[%clk 0:12:20]} 1-0